000
00282nam a22001337a 4500
008
170713b xxu||||| |||| 00| 0 eng d
020
_a
9780543223142
041
_a
eng
080
_a
17
100
_a
24
101
_a
FIL
245
_a
BIOETHICS
_c
BEAUCHAMP, T.L
942
_2
udc
_c
BK
999
_c
20562
_d
20562